00446nam a2200169Ia 450000500170000000800410001702000120005804000190007004100120008908200110010110000190011224500410013126000590017230000120023165000230024385000100026620220601141813.0131103s9999 xx 000 0 und d a6476066 aLoreto College aEnglish aFbARC aArcher,Jeffrey aHonour among thievescJeffrey Archer aNew DelhibIndus/Harper Collins Publishers Indiac1993 a420 p.  aFiction in English aLCLIB